Everest (Record no. 99379)
[ view plain ]
| 000 -LEADER | |
|---|---|
| fixed length control field | 00846cam a2200253 4500 |
| 001 - CONTROL NUMBER | |
| control field | i9781870325721 |
| 008 - FIXED-LENGTH DATA ELEMENTS--GENERAL INFORMATION | |
| fixed length control field | 071126s1999 xxkbo f 00 0beng |
| 020 ## - INTERNATIONAL STANDARD BOOK NUMBER | |
| International Standard Book Number | 1870325729 |
| 035 ## - SYSTEM CONTROL NUMBER | |
| System control number | (Sirsi) u99528 |
| 041 ## - LANGUAGE CODE | |
| Language code of text/sound track or separate title | eng |
| 050 04 - LIBRARY OF CONGRESS CALL NUMBER | |
| Classification number | 920 $2 18 |
| 100 1# - MAIN ENTRY--PERSONAL NAME | |
| Personal name | Smith, J. R. |
| 245 00 - TITLE STATEMENT | |
| Title | Everest |
| Remainder of title | the man and the mountain |
| 260 ## - PUBLICATION, DISTRIBUTION, ETC. | |
| Place of publication, distribution, etc. | Latheronwheel, Caithness |
| Name of publisher, distributor, etc. | Whittles Publishing |
| Date of publication, distribution, etc. | 1999 |
| 300 ## - PHYSICAL DESCRIPTION | |
| Extent | xiv, 306 p. |
| Other physical details | ill., maps |
| Dimensions | 24cm. |
| 350 ## - PRICE (NR) (BK AM CF MU VM SE) [OBSOLETE] | |
| Price | 37.50 |
| 520 ## - SUMMARY, ETC. | |
| Summary, etc. | A biography of George Everest, who became Superintendent of the Great Trigonometrical Survey and was Surveyor General of India for many years. |
| 600 14 - SUBJECT ADDED ENTRY--PERSONAL NAME | |
| Personal name | Everest, George |
| Dates associated with a name | 1790-1866 |
| 650 ## - SUBJECT ADDED ENTRY--TOPICAL TERM | |
| Topical term or geographic name entry element | BIOGRAPHY |
| 651 #4 - SUBJECT ADDED ENTRY--GEOGRAPHIC NAME | |
| Geographic name | India |
| 690 ## - LOCAL SUBJECT ADDED ENTRY--TOPICAL TERM (OCLC, RLIN) | |
| Topical term or geographic name as entry element | ENVIRONMENTAL AND LAND CONSULTANCY-GEOMATICS-LAND SURVEYING-LAND SURVEYORS |
| 942 ## - ADDED ENTRY ELEMENTS (KOHA) | |
| Suppress in OPAC | 0 |
| Source of classification or shelving scheme | Dewey Decimal Classification |
| 948 ## - LOCAL PROCESSING INFORMATION (OCLC); SERIES PART DESIGNATOR (RLIN) | |
| c (OCLC) | 18/08/1998 |
| Withdrawn status | Lost status | Source of classification or shelving scheme | Damaged status | Not for loan | Home library | Current library | Shelving location | Date acquired | Total Checkouts | Full call number | Barcode | Date last seen | Date last checked out | Copy number | Price effective from | Koha item type |
|---|---|---|---|---|---|---|---|---|---|---|---|---|---|---|---|---|
| Dewey Decimal Classification | London | London | Books | 13/01/2000 | 6 | 920 SMI | 30060416 | 06/08/2019 | 20/04/2004 | 1 | 06/08/2019 | Book |